| 000 | 00551nam a2200169 4500 | ||
|---|---|---|---|
| 001 | 122326 | ||
| 003 | ES-MaACL | ||
| 005 | 20230906191944.0 | ||
| 007 | t| | ||
| 008 | 070214s1971 sp r ||||1| spa d | ||
| 100 | 1 |
_aPrieto Escudero, Germán. _993926 |
|
| 245 | 1 | 0 |
_aPrincipios sociológicos del Seguro de Accidentes del Trabajo / _cGermán Prieto Escudero. |
| 260 |
_aMadrid : _b[s. n.], _c1971. |
||
| 300 |
_a11 h. ; _c24 cm. |
||
| 500 | _aEs tirada aparte de: Revista de Trabajo, nº 34, pp. 49 - 67. | ||
| 852 |
_aES-MaACL _j2083-F-21 _bR.85546 |
||
| 999 |
_c122326 _d122326 |
||